000 00624nam a2200217Ia 4500
003 GCL
008 140319s9999 xx 000 0 aRus d
040 _aGCL /
_cGCL
082 0 4 _a463.2
_bL O
100 1 _aCARVAJAL, CAROL STYLES
245 1 0 _aTHE OXFARD STARTER SPANISH DICTIONARY /
_cCARVAJAL, CAROL STYLES
700 1 _aHORWOOD, JANE
700 1 _aLIOMPART, ANA CRISTINO
260 _a[S.N] :
_bOXFORD UNIVERSITY PRESS ،
_c1997
300 _a352 P
650 0 4 _aSPANISH LANGUAGE - DICTIONARY
650 0 4 _aDICTIONARIES
650 0 4 _aLANGUAGES
650 0 4 _aENGLISH LANGUAGE - DICTIONARIES
942 _2ddc
_cBK
999 _c15724
_d15724